LEADER 01381nam a2200289 i 4500 001 000000221791 003 CaOOAMICUS 005 20220808140253.0 008 130808s2000 it u000 u ita u 013 $a200688 020 $a88-8292-052-6 040 $aSeMil$bita 100 1 $aMagliulo, Nicola <1957- >.$0(OLS)http://semarc/name/77562 245 13$aUn pensiero tragico :$bl'itinerario filosofico di Massimo Cacciari /$cNicola Magliulo ; postfazione di Vincenzo Vitiello. 260 $aNapoli :$bLa Città del Sole,$c2000. 300 $a248 p. ;$c21 cm. 490 0 $aIl pensiero e la storia / Istituto italiano per gli studi filosofici ;$v74 600 14$aCacciari, Massimo <1944- >.$0(OLS)http://semarc/subject/35468 700 1 $aVitiello, Vincenzo,$d<1935- >.$0(OLS)http://semarc/name/20981 830 3$aIl pensiero e la storia / Istituto italiano per gli studi filosofici ;$v74.$0(OLS)http://semarc/title/157665 850 $aSeMil 852 $aSeMil$W1$xVenegono$y1$m2P VII 42$j172140$B172140$CSeMilBibl$Z2$F183726 $81 961 $aOmaggio: Conti don Ermenegildo 996 $6020$a88-8292-052-6$9(OLS)http://semarc/number/221007 996 $6245$aUn pensiero tragico :$bl'itinerario filosofico di Massimo Cacciari$9(OLS)http://semarc/title/317964 996 $6260$aNapoli :$bLa Città del Sole$9(OLS)http://semarc/publisher/32048 LEADER 01083nam a2200217 i 4500 001 000000216209 003 CaOOAMICUS 005 20221014115037.0 008 121009s1726 it u000 u lat u 013 $a195090 026 $ae.r- d.d. *,i- titi (3) 1726 (R) 040 $aSeMil$bita 100 1 $aSylvius, François,$d<1581-1649>.$0(OLS)http://semarc/name/23718 245 10$aCommentarii in totam primam secundae s. Thomae Aquinatis doctori angelici et communis. 300 $a[16], 677, [1] p. 500 $aSegn.: a8 A-2S8 2T-2V6 773 0 $aSylvius, François, <1581-1649>$tFrancisci Sylvii ... Commentarii in totam primam partem S. Thomae Aquinatis doctoris angelici et communis. Tomus 1. [-6.].$bEdito novissima prioribus emendatior & correctior.$dVenetiis : Ex Typographia Balleoniana, 1726.$g2$w()626 850 $aSeMil 852 $aSeMil$W1$xVenegono$y1$m2C VI 39 FA$j166628$B166628$CSeMilBibl$Z2$F177497 $8I 996 $6245$aCommentarii in totam primam secundae s. Thomae Aquinatis doctori angelici et communis$9(OLS)http://semarc/title/311024